Návrh rozšírenia verejného vodovodu Hronské Kľačany

Na minha lista:
Detalhes bibliográficos
Autor principal: Šutúš, Marek (Author)
Outros Autores: Tóthová, Katarína (Thesis advisor)
Formato: Manuscrito Livro
Idioma:eslovaco
Publicado em: 2017
Assuntos:
Acesso em linha:http://is.stuba.sk/zp/portal_zp.pl?podrobnosti=120723
https://opac.crzp.sk/?fn=detailBiblioForm&sid=DF52132090966663147AE1F290DD
Tags: Adicionar Tag
Sem tags, seja o primeiro a adicionar uma tag!

MARC

LEADER 00000ntm a22000003a 4500
001 stuzp63208
003 SK-STU
005 20230609134915.6
007 ta
008 150427s2015----xo-----f-mn---000-0-slo-d
040 |a STU  |b slo 
041 0 |a slo 
100 1 |a Šutúš, Marek  |u 010280  |4 aut  |U SvF Stavebná fakulta  |T SvF Katedra zdravotného inžinierstva  |X 77336  |U V280  |Y 29  |7 77336 
242 0 1 |a Proposal to extension of public water supply Hronské Kľačany  |y eng 
245 1 0 |a Návrh rozšírenia verejného vodovodu Hronské Kľačany 
260 |c 2017 
650 4 |a vodovod  |2 slo 
650 4 |a potreba vody  |2 slo 
650 4 |a tlak  |2 slo 
650 4 |a water supply  |2 eng 
650 4 |a pressure  |2 eng 
650 4 |a pipes  |2 eng 
700 1 |a Tóthová, Katarína  |u 010280  |k Z8  |4 ths  |U SvF Stavebná fakulta  |T SvF Katedra zdravotného inžinierstva  |X 664  |U V280  |Y 29  |7 A000000664 
856 4 |u http://is.stuba.sk/zp/portal_zp.pl?podrobnosti=120723 
856 4 |u https://opac.crzp.sk/?fn=detailBiblioForm&sid=DF52132090966663147AE1F290DD